000
00242nam a2200097 a 4500
005
20200930070501.0
008
110907s1787 000 spa d
245
0
_a
Lso diez libros de architectura.
260
_a
Madrid,
_c
1787.
999
_c
33232
_d
33232
040
_a
DO-SdBNP